000 00422 a2200133 4500
001 90557
082 _aPR 957
090 _c42892
_d42892
100 _aShahid Raza; MH Mughal; AbdulSattar Chandio, advisors
245 _adesign and fabrication of guide lever for rope winding with length indication
_nG-27
260 _aKarachi
_bNED University
_c1988
300 _aviii, 57 p.
_bhand written
500 _aBE Project Reports
942 _aCAE NUST
_kPR 957
999 _c325630
_d325630